Plus grandes villes des Hauts de France - Statistiques

Statistiques générales
  • Ce quiz a été pris 257 fois
    223 depuis la dernière actualisation
  • Le résultat moyen est 23 sur 39
Statistiques - réponses
Département Ville
Population
(en milliers)
% Correct
Nord Lille 233
99%
Nord Dunkerque 86
96%
Somme Amiens 133
95%
Pas de Calais Calais 72
94%
Pas de Calais Arras 41
90%
Pas de Calais Lens 31
89%
Nord Roubaix 98
88%
Nord Tourcoing 97
88%
Nord Valenciennes 43
83%
Oise Beauvais 56
80%
Pas de Calais Boulogne sur Mer 40
80%
Aisne Saint Quentin 53
80%
Nord Villeneuve d'Ascq 62
79%
Nord Douai 39
74%
Aisne Laon 28
72%
Pas de Calais Béthune 25
71%
Oise Compiègne 40
70%
Nord Cambrai 32
64%
Oise Creil 35
61%
Somme Abbeville 22
60%
Aisne Soissons 28
54%
Nord Maubeuge 29
52%
Nord Wattrelos 40
51%
Nord Armentières 24
47%
Nord Marcq en Barœul 38
47%
Pas de Calais Hénin Beaumont 25
45%
Nord Hazebrouck 21
42%
Pas de Calais Liévin 30
41%
Nord Croix 21
36%
Nord Loos 22
35%
Nord Mons en Barœul 21
35%
Nord Wasquehal 20
35%
Nord Grande Synthe 22
32%
Nord La Madeleine 21
31%
Nord Lambersart 27
26%
Nord Halluin 20
21%
Pas de Calais Bruay la Buissière 21
19%
Nord Coudekerque Branche 20
19%
Oise Nogent sur Oise 20
18%
Aucun quiz correspondant
Distribution des résultats
% des personnes avec chaque résultat
Percentile par nombre de réponses
Votre historique - résultats
Vous n’avez pas pris ce quiz depuis la dernière actualisation